Los últimos cristeros: The last Christeros (Record no. 2363)
[ view plain ]
| 000 -LEADER | |
|---|---|
| campo de control de longitud fija | 00274nam a2200109Ia 4500 |
| 005 - FECHA Y HORA DE LA ÚLTIMA TRANSACCIÓN | |
| campo de control | 20251222120159.0 |
| 008 - DATOS DE LONGITUD FIJA--INFORMACIÓN GENERAL | |
| campo de control de longitud fija | 251222s1900||||xx |||||||||||||| ||spa|| |
| 082 ## - NÚMERO DE LA CLASIFICACIÓN DECIMAL DEWEY | |
| Número de clasificación | DVD0080/M48/2011 |
| 245 #0 - MENCIÓN DEL TÍTULO | |
| Título | Los últimos cristeros: The last Christeros |
| 264 ## - PRODUCCIÓN, PUBLICACIÓN, DISTRIBUCIÓN, FABRICACIÓN Y COPYRIGHT | |
| Nombre del de productor, editor, distribuidor, fabricante | IDTV Film |
| 942 ## - ELEMENTOS DE ENTRADA SECUNDARIOS (KOHA) | |
| Tipo de ítem Koha | Material audiovisual |
| Estatus retirado | Estado de pérdida | Estado de daño | No para préstamo | Biblioteca de origen | Biblioteca actual | Ubicación en estantería | Fecha de adquisición | Total de préstamos | Signatura topográfica completa | Código de barras | Visto por última vez | Precio de reemplazo | Tipo de ítem Koha |
|---|---|---|---|---|---|---|---|---|---|---|---|---|---|
| Biblioteca Nopoki | Biblioteca Nopoki | Programa | 22/12/2025 | DVD0080/M48/2011 | 0026685 | 22/12/2025 | 22/12/2025 | Material audiovisual |
